| 000 | 00000nam##2200000za#4500 |
| 001 | 9.675005 |
| 003 | CaOODSP |
| 005 | 20210624225041 |
| 007 | cr ||||||||||| |
| 008 | 150407|2005||||xxc|||||o f|0| 0 iku|d |
| 040 | |aCaOODSP|beng |
| 041 | 7|aiku |
| 041 | 7|aiku |
| 041 | |aeng |
| 041 | |afre |
| 043 | |an-cn--- |
| 086 | 1 |aR2-371/2005-PDF |
| 110 | 1 |aCanada.|bIndian and Northern Affairs. |bNunavut Regional Office. |
| 245 | 14|aThe land - ours to use wisely : |h[electronic resource]|bactivity and colouring book |
| 260 | |aIqaluit - Nunavut : |bIndian and Northern Affairs. |c[2005]. |
| 300 | |a22p.|billus. |
| 500 | |aThe catalogue number (R2-371/2005) and ISBN (0-662-68679-9) for the print edition have been incorrectly copied in this PDF version. |
| 520 | 3 |aThis colouring book tells the story of two children as they follow their Grandfather through the environmental review process when a mining company plans to open a mine near Grandfather’s summer camp. |
| 546 | |aText in English, French, Inuktitut and Inuinaqtuin. |
| 590 | |a10-10-Supp|b2010-11-09 |
| 690 | 07|aEnvironmental impact assessment|2gcpds |
| 690 | 07|aEnvironmental protection|2gcpds |
| 776 | 0#|tLa terre - il faut l'utiliser intelligement : |w(CaOODSP)9.666126 |
| 792 | |tLa terre - il faut l'utiliser intelligement : |efre|w(CaOODSP)9.675006 |
| 856 | 40|ahttp://publications.gc.ca|qPDF|s1408 KB|uhttps://publications.gc.ca/collections/collection_2009/ainc-inac/R2-371-2005.pdf |
| 986 | |aQS-8628-010-HI-AEF-A1 |